| 000 | 00710nam a2200217Ia 4500 | ||
|---|---|---|---|
| 001 | 11400 | ||
| 003 | GE_BSU | ||
| 008 | 181216s||||||||xx |||||||||||||| ||und|| | ||
| 040 | _cGE_BSU | ||
| 080 | _a543.062(075) | ||
| 100 | _aერისთავი დ. | ||
| 245 | _aრაოდენობითი ანალიზი | ||
| 245 | _cრედ: ს. ძიძაძე | ||
| 260 | _aთბილისი. | ||
| 260 | _bსაქ. პოლიტექნიკური ინ-ტის გამ-ბა | ||
| 260 | _c1959 | ||
| 300 | _a223გვ.22სმ. | ||
| 300 | _eსაძიებელი გვ. 219 | ||
| 653 | _aრაოდენობითი ანალიზი | ||
| 942 | _cBK | ||
| 999 |
_c44597 _d44597 |
||